000 00296nam a2200133Ia 4500
008 191201s2011 xx 000 0 und d
100 _aLIPCHUTZ,Seymour
245 0 _aData structures
250 _a2nd
260 _c2011
_bTMH
_aN. delhi
300 _aMISC
650 _aMCA
942 _2ddc
_cBB
_051
999 _c7518
_d7518